Vývoj kursu čs. koruny a jeho vybrané ekonomické účinky
Enregistré dans:
| Auteur principal: | |
|---|---|
| Autres auteurs: | |
| Format: | Livre |
| Langue: | tchèque |
| Publié: |
Praha
Ústřední ústav národohospodářského výzkumu
1991
|
| Tags: |
Pas de tags, Soyez le premier à ajouter un tag!
|
MARC
| LEADER | 00000nam a2200000 4500 | ||
|---|---|---|---|
| 001 | c034776 | ||
| 005 | 20250526093114.5 | ||
| 041 | 0 | |a cze | |
| 044 | |a CZ | ||
| 245 | 1 | 0 | |a Vývoj kursu čs. koruny a jeho vybrané ekonomické účinky |c Josef Mervart, Marie Vavrejnová |
| 264 | 1 | |a Praha |b Ústřední ústav národohospodářského výzkumu |c 1991 | |
| 300 | |a 50 s. | ||
| 100 | 1 | |a Mervart, Josef | |
| 700 | 1 | |a Vavrejnová, Marie | |